|
|
|
|
| LEADER |
00000nam0a2200000 4500 |
| 001 |
19436 |
| 005 |
20231030191713.0 |
| 035 |
|
|
|a (RuTPU)RU\TPU\book\19599
|
| 035 |
|
|
|a BOOK00019669
|
| 090 |
|
|
|a 19436
|
| 100 |
|
|
|a 20011209d1986 km y0rusy50 ca
|
| 101 |
0 |
|
|a rus
|
| 102 |
|
|
|a RU
|
| 105 |
|
|
|a a z 000zb
|
| 200 |
1 |
|
|a Еврипид
|f Т. В. Гончарова
|
| 210 |
|
|
|a Москва
|c Молодая гвардия
|d 1986
|
| 215 |
|
|
|a 271 с.
|c ил.
|
| 225 |
1 |
|
|a ЖЗЛ; Серия биографий
|
| 600 |
|
0 |
|a Еврипид
|c древнегреческий поэт-драматург
|f около 480 - 406 гг. до н.э.
|2 stltpui
|3 (RuTPU)RU\TPU\pers\1480
|
| 610 |
1 |
|
|a философия
|
| 610 |
1 |
|
|a история
|
| 610 |
1 |
|
|a античная философия
|
| 610 |
1 |
|
|a древнегреческая философия
|
| 675 |
|
|
|a 087
|v 3
|
| 700 |
|
1 |
|a Гончарова
|b Т. В.
|g Татьяна Викторовна
|
| 801 |
|
0 |
|a RU
|b 63413507
|c 20011209
|g PSBO
|
| 801 |
|
2 |
|a RU
|b 63413507
|c 20110707
|g PSBO
|
| 942 |
|
|
|c BK
|